| 000 | 01603nam a2200445 i 4500 | ||
|---|---|---|---|
| 001 | 52355 | ||
| 003 | KOSZ 005 | ||
| 005 | 20220422111134.0 | ||
| 008 | 001010s2000 pl f f |000 0 pol | ||
| 020 | _a832081264X | ||
| 020 | _a8320812658 | ||
| 040 |
_cKOSZ 005 _aKOSZ 005 _dKOSZ 005/HR |
||
| 041 | 1 |
_apl _hen |
|
| 046 | _k1994 | ||
| 080 | _a330.101.542 | ||
| 080 | _a(075.8) | ||
| 100 | 1 |
_aBegg, David K. H. _eAutor |
|
| 245 | 1 | 0 |
_aEkonomia : _bmikroekonomia / _cDavid Begg [oraz] Stanley Fischer, Rudiger Dornbusch ; red. nauk. Bogusław Czarny, Zbigniew Matkowski, Ryszard Rapacki ; tł. [z ang. B. Czarny [et al.]. |
| 246 |
_iTyt. oryg.: _aEconomics |
||
| 250 | _aWyd. 2 zm. | ||
| 260 |
_aWarszawa : _bPolskie Wydawnictwo Ekonomiczne, _c2000. |
||
| 300 |
_a534, [2] s. : _bwykr. ; _c24 cm. |
||
| 380 | _aKsiążki | ||
| 380 | _aPublikacjedydaktyczne | ||
| 385 |
_mPoziom nauczania _aSzkoła wyższa |
||
| 388 | _a1901-2000 | ||
| 388 | _a1989-2000 | ||
| 500 | _aOryg. : "Economics" 1994. | ||
| 504 | _aIndeks. | ||
| 650 | 7 | _aMikroekonomia | |
| 655 | _aPodręczniki akademickie | ||
| 658 | _aGospodarka, ekonomia, finanse | ||
| 700 | 1 |
_aFischer, Stanley _d(1943- ) _eAutor |
|
| 700 | 1 |
_aDornbusch, Rudiger _d(1942-2002) _eAutor |
|
| 700 | 1 |
_aRapacki, Ryszard _d(1949- ) _eRedakcja |
|
| 700 | 1 |
_aCzarny, Bogusław _d(1957- ) _eTłumaczenie |
|
| 700 | 1 |
_aMatkowski, Zbigniew _d(1941- ) _eRedakcja |
|
| 856 |
_uhttp://koha.tu.koszalin.pl/cgi-bin/koha/opac-detail.pl?biblionumber=52355 _yKatalog online BPK |
||
| 942 |
_cKS _2UKD |
||
| 999 |
_c52355 _d52355 |
||